[路線図付き] JR東日本 久留里線 駅名穴埋めクイズ - Statistics

General Stats
  • This quiz has been taken 539 times
  • The average score is 9 of 14
Answers on the Map
Answers color-coded by a green-red scale on the quiz's map according to % correct below.
 
Answer Stats
Answer % Correct
久留里線 木更津
96%
久留里線 久留里
95%
久留里線 上総亀山
88%
久留里線 祇園
70%
久留里線 横田
62%
久留里線 東横田
61%
久留里線 馬来田
61%
久留里線 上総松丘
60%
久留里線 上総清川
59%
久留里線 東清川
59%
久留里線 平山
58%
久留里線 小櫃
54%
久留里線 俵田
51%
久留里線 下郡
48%
No matching quizzes found
Score Distribution
Percent of People with Each Score
Percentile by Number Answered
Your Score History
You have not taken this quiz